000 00684cam a2200193 4500
001 WB3840-12
008 021029n2002 000 0 eng u
035 _a(Sirsi) u120300
245 _aRegeneration hotspots lead renaissance
260 _c2002
490 _aRegeneration and Renewal
_v25 October 2002, 1(1)
520 _aA report, "The state of urban Britain", by Robert Huggins Associates, reveals the state of the UK urban areas. London and the southeast are still strong but other areas are showing signs of resurgence.
590 _aWB
650 _aURBAN REGENERATION
650 _aURBAN ECONOMICS
650 _aUNITED KINGDOM
690 _aREGENERATION
942 _n0
999 _c71474
_d71474